Resist Dyed Textiles (Record no. 6786)

MARC details
000 -LEADER
fixed length control field 00305nam a2200133Ia 4500
008 - FIXED-LENGTH DATA ELEMENTS--GENERAL INFORMATION
fixed length control field 220524s9999 xx 000 0 und d
041 ## - LANGUAGE CODE
Language code of text/sound track or separate title eng
082 ## - DEWEY DECIMAL CLASSIFICATION NUMBER
Classification number 746.1
100 ## - MAIN ENTRY--PERSONAL NAME
Personal name Al-aadim Quserir
9 (RLIN) 6306
245 ## - TITLE STATEMENT
Title Resist Dyed Textiles
260 ## - PUBLICATION, DISTRIBUTION, ETC. (IMPRINT)
Name of publisher, distributor, etc. A.E.D.T.A Paris
650 ## - SUBJECT ADDED ENTRY--TOPICAL TERM
Topical term or geographic name as entry element Dyeing
9 (RLIN) 6307
906 ## - LOCAL DATA ELEMENT F, LDF (RLIN)
a 405
Holdings
Withdrawn status Lost status Damaged status Not for loan Home library Current library Date acquired Cost, normal purchase price Total Checkouts Full call number Barcode Date last seen Cost, replacement price Bill Date Koha item type Original Barcode
        School of Fashion Technology School of Fashion Technology 31/12/2001 4050.00   746.1 SOFT-BK-2227 08/07/2022 4050.00 08/07/2022 Books 002227